000 00812 a2200229 4500
010 _aENG-88997
020 _c500.00
_a8189652249
035 _aEN-72530
037 _bDBAD / PUB
082 1 4 _a338.176080954
090 _c9816
_d9816
245 1 0 _aLivestock marketing and diversification of agriculture /
_cby Nizamuddin Khan ... [et al]
260 _aDelhi
_bVista International Publishing House
_c2006
270 _aV-196, Near Shiv Sadhna Mandir, C-11, Yamuna Vihar,
_bDelhi
_e110 053
300 _axiv, 179p.
_c22 cm (Hb)
700 _aKhan, Nizamuddin
700 _aHashmi, S.Najmul Islam
700 _aAteeque Ahmad
700 _aHoda, Md. Minhajul
942 _adpl
_cEN
_k338.176080954 / LIV
999 _c9637
_d9637